000
00279nam a22001217a 4500
082
_a
621.381528 DAT'T
100
_a
D. A. T. A.
_9
75818
245
_a
TRANSISTOR CHARACTERISTICS TABULATION
250
_a
22ND
260
_a
USA
_b
D. A. T. A.
_c
1967
300
_a
380P
942
_c
BK
999
_c
585641
_d
585641